000 00707nam a2200217Ii 4500
003 JO-AjNU
008 230605s9999||||xx |||||||||||||| ||und||
017 _a88/1/6
040 _aJO-AjNU
_bara
_erda
_cJO-AjNU
041 _aara
050 1 4 _aBP173.55.A5222 1988
100 3 _aالعناني، أحمد,
_eauthor
_939134
245 0 0 _aالوطن والعروبة من المنظور الإسلامي
250 _aط1
264 3 1 _aعمان: دارالبيرق للطباعة والنشر والتوزيع، 1988
300 _a98ص
336 _atext
_btxt
_2rdacontent
337 _aunmediated
_bn
_2rdamedia
338 _avolume
_bnc
_2rdacarrier
650 4 _aالاسلام والمجتمع
_939135
999 _aA16502
_c20070
_d20070